| 000 | 00647nam a2200229 a 4500 | ||
|---|---|---|---|
| 008 | |||
| 020 | _a0893130125 (hbk.) | ||
| 049 | _aMAIN | ||
| 090 | _aQP38 AEG | ||
| 100 | _aAegerter, Ernest Emil. | ||
| 245 | 1 | 0 |
_aUnderstanding your body / _cErnest E. Aegerter. |
| 260 |
_aPhiladelphia : _bStickley, _c{19--?]. |
||
| 300 |
_a264 p. : _bill. ; _c23 cm. |
||
| 500 | _aIncludes index. | ||
| 650 | 2 |
_aPathology _xpopular works. |
|
| 650 | 2 |
_aPhysiology _xpopular works. |
|
| 907 |
_a.b10159800 _b31-01-07 _c14-03-05 |
||
| 003 | |||
| 005 | 20230123134120.0 | ||
| 040 | _cNUST | ||
| 942 |
_cBOOKS _kQP38 AEG |
||
| 999 |
_c160297 _d160297 |
||